000 00766nam a2200241 4500
003 OSt
005 20240724072815.0
006 a
008 240724b |||||||| |||| 00| 0 eng d
020 _a0316017426
040 _aDWCL-Main lib.
_cOC
082 _aCirc. 973.929092 G384h 2007
100 _aGerth, Jef
245 _aHer way: the hopes and ambitions of hillary Rodham Clinton /
260 _blittle Brown and Company,
_cc2007.
300 _ax,
_b438 p. : ill. ;
_c24 cm.
504 _aIncludes bibliographical references and index.
650 _a1. Clinton, Hillary Rod ham.
650 _a2. United States.
650 _a3. Congress Senate- Biography.
650 _a4. United States Politics and government-1989.
942 _2ddc
_n0
_cBK-CIRC
_kCirc.
999 _c2675
_d2675